Catalog

Record Details

Catalog Search



All the doctrines of the Bible : a study and analysis of major Bible doctrines Cover Image Book Book

All the doctrines of the Bible : a study and analysis of major Bible doctrines by Dr. Herbert Lockyer

Lockyer, Herbert (Author).

Record details

  • Physical Description: 310 p.
  • Edition: 1st ed.
  • Publisher: Grand Rapids, Michigan Zondervan Publishing House 1969

Available copies

  • 1 of 1 copy available at Common Catalog SPOK.

Holds

  • 0 current holds with 1 total copy.
Show Only Available Copies
Location Call Number / Copy Notes Barcode Shelving Location Status Due Date
ETS Library 230.041 424470000981 Volný výběr Available -

LDR 00728nam a2 00229
00133326
003CZ-PrJAB
00520030307000000.0
008030307s1969 xxu e |||| |eng
009us
035 . ‡a(CONS)137
035 . ‡aKPS1249
041 . ‡aeng
08214. ‡a230.041
100 . ‡7476 ‡aLockyer, Herbert
245 . ‡aAll the doctrines of the Bible : ‡ba study and analysis of major Bible doctrines ‡cby Dr. Herbert Lockyer
250 . ‡a1st ed.
260 . ‡aGrand Rapids, Michigan ‡bZondervan Publishing House ‡c1969
300 . ‡a310 p.
653 . ‡aAll the doctrines of the Bible ‡aa study and analysis of major Bible doctrines
8524 . ‡bETS ‡bETS ‡cVolný výběr ‡j230.041 ‡gA ‡p424470000981
910 . ‡aABG450
999 . ‡a137 ‡bAUTOGEN ‡c137 ‡tbiblio
905 . ‡uadmin
901 . ‡a33326 ‡b ‡c33326 ‡tbiblio ‡sets

Additional Resources